000
00361nam a2200133Ia 4500
008
231129s9999||||xx |||||||||||||| ||spa||
020
_a
84-8276-276-1
040
_b
spa
082
_a
371.3 V432e
100
_a
Velandia S. Aquiles A
245
0
_a
Estrategias de estudio a su alcance
264
_a
Norma
942
_2
ddc
_c
BKS
999
_c
13585
_d
13585